| 000 | 01293njm a2200289 i 4500 | ||
|---|---|---|---|
| 001 | 5017 | ||
| 003 | ES-MaACL | ||
| 005 | 20260301184726.0 | ||
| 007 | s|r||||||||||| | ||
| 008 | 070911s1984 sp ||| g ||||||||1|nspa d | ||
| 245 | 0 | 0 |
_aPresentación de la Fundación Alfonso Comín _h[Grabación sonora] / _cintervienen Manuel Reyes Maté, José Luis Aranguren, Nicolás Sartorius, Joaquín Ruiz-Giménez y José María de Llanos. |
| 260 |
_aMadrid : _bAteneo de Madrid, _c1984. |
||
| 300 |
_a1 disco (CD-DA) (1 h. 11 min. 47 seg.) ; _c12 cm. |
||
| 500 | _aDatos basados en la invitación. | ||
| 518 | _aActo organizado por el Ateneo de Madrid en colaboración con la Fundación Alfonso Comín, grabado en el salón de actos, el 7 de junio de 1984, a las 19:30 h. | ||
| 610 | 0 | 4 |
_aAteneo de Madrid- _xActos culturales- _y1984- _vGrabaciones sonoras _91899 |
| 700 | 1 |
_aReyes Maté, Manuel. _996589 |
|
| 700 | 1 |
_aAranguren, José Luis L., _d1909-1996 _922315 |
|
| 700 | 1 |
_aSartorius, Nicolás. _9103894 |
|
| 700 | 1 |
_aRuiz-Giménez, Joaquín, _d1913-2009 _9100820 |
|
| 700 | 1 |
_aLlanos, José María de. _972709 |
|
| 710 | 2 |
_aAteneo de Madrid. _91875 |
|
| 710 | 0 |
_aFundació Alfons Comín _94199 |
|
| 852 |
_aES-MaACL _jROT 5/7/13 _95134 _cROT |
||
| 942 | _2udc | ||
| 999 |
_c5017 _d5017 |
||